Rocket Exaust Plume Phenomenology (Record no. 609168)

000 -LEADER
fixed length control field 00272nam a22001097a 4500
040 ## - CATALOGING SOURCE
Transcribing agency SCME
100 ## - MAIN ENTRY--PERSONAL NAME
Personal name Frederick S.Simmons
9 (RLIN) 122722
245 ## - TITLE STATEMENT
Title Rocket Exaust Plume Phenomenology
260 ## - PUBLICATION, DISTRIBUTION, ETC.
Place of publication, distribution, etc. California
Name of publisher, distributor, etc. The Aerospace Press
Date of publication, distribution, etc. 2000
300 ## - PHYSICAL DESCRIPTION
Extent 286p.
942 ## - ADDED ENTRY ELEMENTS (KOHA)
Source of classification or shelving scheme
Koha item type Book
Holdings
Withdrawn status Lost status Source of classification or shelving scheme Damaged status Not for loan Permanent Location Current Location Date acquired Total Checkouts Total Renewals Full call number Barcode Checked out Date last seen Date last checked out Price effective from Koha item type
          School of Chemical & Materials Engineering (SCME) School of Chemical & Materials Engineering (SCME) 05/17/2024 2 1 662.666 S5881R SCME-112 03/31/2026 03/11/2026 03/11/2026 05/17/2024 Book
© 2023 Central Library, National University of Sciences and Technology. All Rights Reserved.